La función del dogma en la investigación científica / (Record no. 87641)

MARC details
000 -LEADER
campo de control de longitud fija 00526nam a2200169 i 4500
001 - NÚMERO DE CONTROL
campo de control 87641
003 - IDENTIFICADOR DE NÚMERO DE CONTROL
campo de control ES-MaACL
005 - FECHA Y HORA DE LA ÚLTIMA TRANSACCIÓN
campo de control 20230906175718.0
007 - CAMPO FIJO DE DESCRIPCIÓN FÍSICA--INFORMACIÓN GENERAL
campo de control de longitud fija t|
008 - DATOS DE LONGITUD FIJA--INFORMACIÓN GENERAL
campo de control de longitud fija 041222s1979 sp ||||1| spa d
100 1# - ENTRADA PRINCIPAL--NOMBRE DE PERSONA
Nombre de persona Kuhn, Thomas S.
9 (RLIN) 68988
245 13 - MENCIÓN DEL TÍTULO
Título La función del dogma en la investigación científica /
Mención de responsabilidad, etc. Thomas S. Kuhn ; traducción de Dámaso Eslava.
260 ## - PUBLICACIÓN, DISTRIBUCIÓN, ETC.
Lugar de publicación, distribución, etc. Valencia :
Nombre del editor, distribuidor, etc. Revista Teorema,
Fecha de publicación, distribución, etc. 1979.
300 ## - DESCRIPCIÓN FÍSICA
Extensión 44 p. ;
Dimensiones 19 cm.
700 1# - ENTRADA AGREGADA--NOMBRE PERSONAL
Nombre de persona Eslava, Dámaso.
9 (RLIN) 47729
852 ## - LOCALIZACIÓN
Ubicación ES-MaACL
Número de control de estantería 2102-F-24
Sublocalización o colección R.99805
Holdings
Estatus retirado Estado de pérdida Estado de daño No para préstamo Colección Biblioteca de origen Biblioteca actual Ubicación en estantería Fecha de adquisición Fuente de adquisición Total de préstamos Signatura topográfica completa Código de barras Visto por última vez Precio de reemplazo Tipo de ítem Koha
        Colección de folletos Biblioteca del Ateneo de Madrid Biblioteca del Ateneo de Madrid Depósito folletos 17/01/2008     2102-F-24 1091559 23/02/2023 23/02/2023 Folleto